Movies Quiz

Random Movies or Actor Quiz

Ben Affleck or Matt Damon? Quiz Stats

 Plays Quiz Updated Oct 27, 2014

Also try: Paxton or Pullman?
Challenge
Share
Tweet
Embed
Score 0/20 Timer 03:00
1 Play Today
Movie A or D? % Correct
The Bourne Identity???
94.7%
Ocean's Thirteen???
90.7%
Saving Private Ryan???
89.7%
Armageddon???
88.7%
Gigli???
87.7%
Pearl Harbor???
87.5%
The Departed???
87%
Invictus???
85.8%
The Town???
83.2%
The Adjustment Bureau???
80.6%
Movie A or D? % Correct
The Legend of Bagger Vance???
79.4%
Reindeer Games???
78.3%
The Informant???
76.4%
Paycheck???
75.7%
The Sum of All Fears???
75.6%
Dazed and Confused???
74.8%
Mallrats???
74.1%
Stuck on You???
72.2%
Phantoms???
66.4%
Syriana???
57%

You're not logged in!

Compare scores with friends on all Sporcle quizzes.
OR
Log In

You Might Also Like...

Show Comments

Extras

Top Quizzes Today


Score Distribution

Your Account Isn't Verified!

In order to create a playlist on Sporcle, you need to verify the email address you used during registration. Go to your Sporcle Settings to finish the process.

Report this User

Report this user for behavior that violates our Community Guidelines.

Details: